| 000 | 01008cam a2200289 a 4500 | ||
|---|---|---|---|
| 001 | 26156 | ||
| 003 | BD-RjUL | ||
| 005 | 20211209050958.0 | ||
| 008 | 140320r19551945enk b 000 0aeng d | ||
| 035 | _a(BD-RjUL)26226 | ||
| 040 |
_aBD-RjUL _beng _cBD-RjUL _dBD-RjUL |
||
| 041 | _aeng | ||
| 082 | 0 | 0 |
_a370.924 _bWAU 1955 |
| 100 | 1 |
_aWashington, Booker T., _d1856-1915. _980381 |
|
| 245 | 1 | 0 |
_aUp from slavery : _ban autobiography / _cby Booker T. Washington ; with an introduction by Jonathan Daniels |
| 260 |
_aLondon : _bOxford University Press, _c1945 [Reprinted 1955]. |
||
| 300 |
_axii, 244 p. ; _b16 cm |
||
| 490 | 1 | _aWorld's classics | |
| 500 | _aOriginally published: New York : Doubleday, Page, 1901 | ||
| 504 | _aIncludes index. | ||
| 600 | 1 | 0 |
_aWashington, Booker T., _d1856-1915. _980386 |
| 610 | 2 | 0 |
_aTuskegee Institute _980387 |
| 650 | 0 |
_aAfro-Americans _xBiography _980384 |
|
| 650 | 0 |
_aEducators _zUnited States _vBiography _972821 |
|
| 830 | 0 |
_aWorld's classics _980388 |
|
| 942 |
_2ddc _cBK |
||
| 999 |
_c26156 _d26156 |
||